<?xml version="1.0" encoding="UTF-8"?>
<record
    xmlns:xsi="http://www.w3.org/2001/XMLSchema-instance"
    xsi:schemaLocation="http://www.loc.gov/MARC21/slim http://www.loc.gov/standards/marcxml/schema/MARC21slim.xsd"
    xmlns="http://www.loc.gov/MARC21/slim">

  <leader>02325nam a22003137a 4500</leader>
  <datafield tag="952" ind1=" " ind2=" ">
    <subfield code="0">0</subfield>
    <subfield code="1">0</subfield>
    <subfield code="2">lcc</subfield>
    <subfield code="4">0</subfield>
    <subfield code="7">0</subfield>
    <subfield code="a">07</subfield>
    <subfield code="b">07</subfield>
    <subfield code="d">2014-08-23</subfield>
    <subfield code="l">1</subfield>
    <subfield code="o">K213 A7444 2014</subfield>
    <subfield code="p">07 004691</subfield>
    <subfield code="r">2016-11-22</subfield>
    <subfield code="s">2015-04-23</subfield>
    <subfield code="t">1</subfield>
    <subfield code="w">2014-08-23</subfield>
    <subfield code="y">LB</subfield>
  </datafield>
  <datafield tag="952" ind1=" " ind2=" ">
    <subfield code="0">0</subfield>
    <subfield code="1">0</subfield>
    <subfield code="4">0</subfield>
    <subfield code="7">0</subfield>
    <subfield code="a">13</subfield>
    <subfield code="b">13</subfield>
    <subfield code="d">2014-11-10</subfield>
    <subfield code="l">0</subfield>
    <subfield code="o">K213 A7444 2014</subfield>
    <subfield code="p">13 002777</subfield>
    <subfield code="r">2014-11-10</subfield>
    <subfield code="t">1</subfield>
    <subfield code="w">2014-11-10</subfield>
    <subfield code="y">LB</subfield>
  </datafield>
  <datafield tag="952" ind1=" " ind2=" ">
    <subfield code="0">0</subfield>
    <subfield code="1">0</subfield>
    <subfield code="4">0</subfield>
    <subfield code="7">0</subfield>
    <subfield code="a">22</subfield>
    <subfield code="b">22</subfield>
    <subfield code="d">2014-12-05</subfield>
    <subfield code="l">0</subfield>
    <subfield code="o">K213 A7444 2014</subfield>
    <subfield code="p">22 000809</subfield>
    <subfield code="r">2014-12-05</subfield>
    <subfield code="t">1</subfield>
    <subfield code="w">2014-12-05</subfield>
    <subfield code="y">LB</subfield>
  </datafield>
  <datafield tag="952" ind1=" " ind2=" ">
    <subfield code="0">0</subfield>
    <subfield code="1">0</subfield>
    <subfield code="4">0</subfield>
    <subfield code="7">0</subfield>
    <subfield code="a">04</subfield>
    <subfield code="b">04</subfield>
    <subfield code="d">2014-12-08</subfield>
    <subfield code="l">11</subfield>
    <subfield code="m">1</subfield>
    <subfield code="o">K213 A7444 2014</subfield>
    <subfield code="p">04 004756</subfield>
    <subfield code="r">2019-07-27</subfield>
    <subfield code="s">2019-07-27</subfield>
    <subfield code="t">1</subfield>
    <subfield code="w">2014-12-08</subfield>
    <subfield code="y">LB</subfield>
  </datafield>
  <datafield tag="952" ind1=" " ind2=" ">
    <subfield code="0">0</subfield>
    <subfield code="1">0</subfield>
    <subfield code="4">0</subfield>
    <subfield code="7">0</subfield>
    <subfield code="a">20</subfield>
    <subfield code="b">20</subfield>
    <subfield code="d">2015-06-01</subfield>
    <subfield code="l">2</subfield>
    <subfield code="o">K213 A7444 2014</subfield>
    <subfield code="p">20 002344</subfield>
    <subfield code="r">2024-05-31</subfield>
    <subfield code="s">2024-05-30</subfield>
    <subfield code="t">1</subfield>
    <subfield code="w">2015-06-01</subfield>
    <subfield code="y">LB</subfield>
  </datafield>
  <datafield tag="952" ind1=" " ind2=" ">
    <subfield code="0">0</subfield>
    <subfield code="1">0</subfield>
    <subfield code="2">ddc</subfield>
    <subfield code="4">0</subfield>
    <subfield code="7">0</subfield>
    <subfield code="a">01</subfield>
    <subfield code="b">01</subfield>
    <subfield code="d">2015-06-01</subfield>
    <subfield code="l">0</subfield>
    <subfield code="o">340.1 A38 2014</subfield>
    <subfield code="p">01 013626</subfield>
    <subfield code="r">2015-06-01</subfield>
    <subfield code="t">1</subfield>
    <subfield code="w">2015-06-01</subfield>
    <subfield code="y">LB</subfield>
  </datafield>
  <datafield tag="952" ind1=" " ind2=" ">
    <subfield code="0">0</subfield>
    <subfield code="1">0</subfield>
    <subfield code="2">lcc</subfield>
    <subfield code="4">0</subfield>
    <subfield code="7">0</subfield>
    <subfield code="a">13</subfield>
    <subfield code="b">13</subfield>
    <subfield code="d">2016-01-16</subfield>
    <subfield code="l">1</subfield>
    <subfield code="o">K213 A7444 2014</subfield>
    <subfield code="p">13 003544</subfield>
    <subfield code="r">2019-01-15</subfield>
    <subfield code="s">2019-01-14</subfield>
    <subfield code="t">2</subfield>
    <subfield code="w">2016-01-16</subfield>
    <subfield code="y">LB</subfield>
  </datafield>
  <datafield tag="952" ind1=" " ind2=" ">
    <subfield code="0">0</subfield>
    <subfield code="1">0</subfield>
    <subfield code="2">lcc</subfield>
    <subfield code="4">0</subfield>
    <subfield code="7">0</subfield>
    <subfield code="a">14</subfield>
    <subfield code="b">14</subfield>
    <subfield code="d">2016-09-22</subfield>
    <subfield code="l">0</subfield>
    <subfield code="o">K213 A7444 2014</subfield>
    <subfield code="p">14 006669</subfield>
    <subfield code="r">2016-09-22</subfield>
    <subfield code="t">1</subfield>
    <subfield code="w">2016-09-22</subfield>
    <subfield code="y">LB</subfield>
  </datafield>
  <datafield tag="952" ind1=" " ind2=" ">
    <subfield code="0">0</subfield>
    <subfield code="1">0</subfield>
    <subfield code="4">0</subfield>
    <subfield code="7">0</subfield>
    <subfield code="a">01</subfield>
    <subfield code="b">01</subfield>
    <subfield code="d">2018-01-16</subfield>
    <subfield code="l">1</subfield>
    <subfield code="o">340.1 A38 2015</subfield>
    <subfield code="p">01 014146</subfield>
    <subfield code="r">2020-01-17</subfield>
    <subfield code="s">2020-01-17</subfield>
    <subfield code="t">2</subfield>
    <subfield code="w">2018-01-16</subfield>
    <subfield code="y">LB</subfield>
  </datafield>
  <datafield tag="999" ind1=" " ind2=" ">
    <subfield code="c">93702</subfield>
    <subfield code="d">93702</subfield>
  </datafield>
  <controlfield tag="005">20231102151715.0</controlfield>
  <controlfield tag="008">140823b    2014mx ||||| |||| 00| 0 spa d</controlfield>
  <datafield tag="020" ind1=" " ind2=" ">
    <subfield code="a">9786070908095</subfield>
  </datafield>
  <datafield tag="050" ind1="1" ind2="4">
    <subfield code="a">K213</subfield>
    <subfield code="b">A7444 2014</subfield>
  </datafield>
  <datafield tag="082" ind1=" " ind2=" ">
    <subfield code="a">340.1</subfield>
    <subfield code="b"> A38 2014</subfield>
  </datafield>
  <datafield tag="245" ind1="1" ind2="0">
    <subfield code="a">Argumentaci&#xF3;n jur&#xED;dica </subfield>
    <subfield code="b"> : el juicio de ponderacion y el principio de proporcionalidad</subfield>
    <subfield code="c"> / Coordinador  Miguel Carbonell</subfield>
  </datafield>
  <datafield tag="250" ind1=" " ind2=" ">
    <subfield code="a">4a. edici&#xF3;n</subfield>
  </datafield>
  <datafield tag="260" ind1=" " ind2=" ">
    <subfield code="a">M&#xE9;xico </subfield>
    <subfield code="b">: Editorial Porr&#xFA;a</subfield>
    <subfield code="b">Universidad Nacional Aut&#xF3;noma de M&#xE9;xico</subfield>
    <subfield code="c">, 2014</subfield>
  </datafield>
  <datafield tag="300" ind1=" " ind2=" ">
    <subfield code="a">xxi, 319 p&#xE1;ginas</subfield>
  </datafield>
  <datafield tag="490" ind1=" " ind2=" ">
    <subfield code="a">Doctrina Jur&#xED;dica</subfield>
    <subfield code="v">599</subfield>
  </datafield>
  <datafield tag="505" ind1=" " ind2=" ">
    <subfield code="a">F&#xF3;rmula del peso 
Racionalidad de la ponderaci&#xF3;n 
Alexy y la aritm&#xE9;tica de la ponderaci&#xF3;n 
El juicio de ponderaci&#xF3;n constitucional 
La resoluci&#xF3;n de conflictos entre derechos fundamentales. El principio de proporcionalidad 
El examen de proporcionalidad : entre el exceso por acci&#xF3;n y la insuficiencia por omisi&#xF3;n o defecto
Principio de proporcionalidad y control constitucional de las leyes penales
Principio de proporcionalidad de la legislaci&#xF3;n penal
Three Strikes. El principio de proporcionalidad en la jurisprudencia del Tribunal Supremo de los Estados Unidos
Ponderacion, proporcionalidad y derecho administrativo
El principio de proporcionalidad en la jurisprudencia mexicana</subfield>
  </datafield>
  <datafield tag="519" ind1=" " ind2=" ">
    <subfield code="a">Plan Flexible  /</subfield>
    <subfield code="b">Maestr&#xED;a en Juicios Orales /</subfield>
    <subfield code="c">Argumentaci&#xF3;n Jur&#xED;dica en los Procesos Orales (M01-2) / </subfield>
    <subfield code="d">(04 004756) </subfield>
  </datafield>
  <datafield tag="519" ind1=" " ind2=" ">
    <subfield code="a">Plan Flexible /</subfield>
    <subfield code="b">Maestr&#xED;a en Juicios Orales /</subfield>
    <subfield code="c">Argumentaci&#xF3;n Jur&#xED;dica en los Procesos Orales (M01-2) / </subfield>
    <subfield code="d">(07 004691)</subfield>
  </datafield>
  <datafield tag="519" ind1=" " ind2=" ">
    <subfield code="a">Plan Flexible /</subfield>
    <subfield code="b">Maestr&#xED;a en Juicios Orales / </subfield>
    <subfield code="c">Argumentaci&#xF3;n Jur&#xED;dica en los Procesos Orales (M01-2) / </subfield>
    <subfield code="d">(01 013626)</subfield>
  </datafield>
  <datafield tag="519" ind1=" " ind2=" ">
    <subfield code="a">Plan Flexible /</subfield>
    <subfield code="b">Maestr&#xED;a en Juicios Orales /  </subfield>
    <subfield code="c">Argumentaci&#xF3;n Jur&#xED;dica en los Procesos Orales (M01-2) / </subfield>
    <subfield code="d">(20 002344)</subfield>
  </datafield>
  <datafield tag="519" ind1=" " ind2=" ">
    <subfield code="a">Material Complementario /</subfield>
    <subfield code="b">Derecho /</subfield>
    <subfield code="d">(01 014146)</subfield>
  </datafield>
  <datafield tag="650" ind1="1" ind2="4">
    <subfield code="a">METODOLOG&#xCD;A</subfield>
    <subfield code="x">DERECHO</subfield>
  </datafield>
  <datafield tag="650" ind1="2" ind2="4">
    <subfield code="a">DERECHO</subfield>
    <subfield code="x">FILOSOF&#xCD;A</subfield>
  </datafield>
  <datafield tag="700" ind1=" " ind2=" ">
    <subfield code="a"> Carbonell, Miguel</subfield>
    <subfield code="e">coordinador</subfield>
  </datafield>
  <datafield tag="942" ind1=" " ind2=" ">
    <subfield code="c">LB</subfield>
  </datafield>
</record>
